• 首页
  • 本馆介绍
  • 公告通知
  • 最新文献
  • 馆藏检索
  • 电子资源
  • 读者导购
  • 参考咨询
  • 我的图书馆
  • 登录
  • 详细信息显示
  • 放入我的书架
  • 预约/预借图书
  • 作者相关作品
  • 分类相关作品
  • 丛书相关作品
  • 出版社相关作品

书目信息

  • 表格格式
  • 工作单格式
  • 卡片格式
题名:
市场经济与社会变革
    
 
作者: 康继祥 主编
分册:  
出版信息: 北京   新华出版社  1995
页数: 290页
开本: 20cm
丛书名:
单 册:
中图分类: F123.13 , D62
科图分类: 28.23
主题词: 社会主义经济:市场经济--中国 , 体制变革--中国 , 市场经济:社会主义经济--中国
电子资源:
ISBN: 7-5011-2456-6
000 00734nam0 2200253 45
001 0195010833
005 20070714082200.23
010    @a7-5011-2456-6@dCNY11.00
100    @a19950205d1995 y0chiy0121 ea
101 0  @achi
102    @aCN@b110000
105    @ay z 000yy
200 10 @a市场经济与社会变革@Ashi chang jing ji yu she hui bian ge@f康继祥等主编@Fkang ji xiang deng zhu bian
210    @a北京@c新华出版社@d1995
215    @a290页@d20cm
606    @a社会主义经济:市场经济@y中国
606    @a体制变革@y中国
606    @a市场经济:社会主义经济@y中国
690    @aF123.13@v三版
690    @aD62@v三版
692    @a28.23
701  0 @a康继祥@Akang ji xiang@4主编
801  0 @aCN@bTSSF@c20070714
905    @a10447@dD62@e37
    
    市场经济与社会变革/康继祥等主编.-北京:新华出版社,1995
    290页;20cm
    
    
    ISBN 7-5011-2456-6:CNY11.00
    
●
相关链接 在E读中查询图书 在五车中查询图书 在当当中查询图书 在豆瓣中查询图书


正题名:市场经济与社会变革     索取号:D62/37         预约/预借

序号 登录号 条形码 馆藏地/架位号 状态 备注
1 0766074   207660743   第一样本阅览室/ [索取号:D62/37] 在馆    
唐山师范学院图书馆 欢迎您!
大连网信软件有限公司© 版权所有